00763nam a2200193Ia 4500003000900000008004100009040001300050040001300063041000800076100001900084100000900103245017000112250001300282260001200295260000900307300001200316490000600328600023500334IT-RoPAU120407s9999 xx 000 0 und d aIT-RoPAU cIT-RoPAU aita aGerhard Kittel ccur. a"Grande lessico del Nuovo Testamento. Fondato e diretto da G. Kittel; continuato da G. Friedrich. L’ed. ital. a cura di F. Montagnini / G. Scarpa / O. Soffritti" aBrescia  aPaideia c1965 c24,5 cm v1 a"v. 5°: (1969) c. 1.514 v. 6° : (1970) c. 1.538 v. 7°: (1971) c. 1.514 v. 8° : (1972) c. 1.562 v. 9°; (1974) c. 1.512 v.10°: (1975) c. 1.566 v.11°: (1977) c. 1.518 v.12°: (1979) c. 1.560 "